| 000 | 01099cam a22003014a 4500 | ||
|---|---|---|---|
| 001 | 12390058 | ||
| 005 | 20180104081129.0 | ||
| 008 | 010425s2002 nyua bf 001 0 eng | ||
| 010 | _a 2001031711 | ||
| 020 | _a0071386793 (electronic bk.) | ||
| 020 | _a0071373772 | ||
| 035 | _a(DNLM)101094526 | ||
| 040 |
_aDNLM/DLC _cDLC _dDLC |
||
| 041 | _aeng | ||
| 042 | _apcc | ||
| 060 | 1 | 0 |
_a616 _bH323 2002 |
| 080 | _a616 | ||
| 082 | 0 | 0 |
_a616 BRA _221 |
| 100 | _a4 | ||
| 101 | _aSHM | ||
| 245 | 0 | 0 |
_aHarrison's manual of medicine / _ceditors, Eugene Braunwald ... [et al.]. |
| 246 | 3 | 0 | _aManual of medicine |
| 504 | _aIncludes bibliographical references and index. | ||
| 530 | _aAlso available as an electronic book via the World Wide Web to institutions affiliated with netLibrary, Inc. | ||
| 906 |
_a7 _bcbc _corignew _d1 _eocip _f20 _gy-gencatlg |
||
| 942 |
_2ddc _cBK |
||
| 999 |
_c39743 _d39743 |
||